000 00506nam a2200193Ia 4500
003 OSt
005 20221007082651.0
006 a|||||r|||| 00| 0
007 ta
008 221006b |||||||| |||| 00| 0 eng d
024 _a23,617
037 _cTextual
040 _aFLL
_cFLL
_beng
041 _2eng
_aeng
100 _aBaxi Upendra
245 0 _aLaches and the right to constitutional remedies
_b Quis custodiet ipsos custodes?
942 _cTEXL
_2CC
999 _c1167295
_d1167295